banner-ar

دعاء الرسول صلى الله عليه وسلم / (Record no. 52864)

MARC details
000 -الفاتح
حقل البيانات ثابتة الطول 00487nam a2200157Ia 4500
008 - عناصر البيانات ثابتة الطول - معلومات عامة
حقل البيانات ثابتة الطول 140319s9999 xx 000 0 ara d
040 ## - مصدر الفهرسة
وكالة الفهرسة الأصلية GCL /
وكالة النسخ GCL
082 04 - رقم تصنيف ديوى العشرى
رقم التصنيف 229.4
رقم المادة ع د
100 1# - المدخل الرئيسى - إسم شخصى
الإسم الشخصى سمير محمد علوان
245 10 - بيان العنوان
العنوان دعاء الرسول صلى الله عليه وسلم /
بيان المسئوليه,etc سمير محمد علوان
700 1# - المدخل الاضافى - اسم شخصى
الإسم الشخصى عبدالله حجاج
260 ## - PUBLICATION, DISTRIBUTION, ETC. (IMPRINT)
تاريخ النشر أو التوزيع 1991
300 ## - الوصف المادى
التعداد 184ص
490 ## - بيان السلسلة
عنوان السلسلة
260 ## - PUBLICATION, DISTRIBUTION, ETC. (IMPRINT)
-- [S.N] :
-- مكتبة التراث الاسلامى ،
Holdings
حالة التراجع حالة الفقد حالة تلف ليس للاعارة المكان المؤقت الموقع الحالى تاريخ الاكتساب اجمالي اﻻعارات رقم الطلب الباركود تاريخ اخر مشاهدة تاريخ تفعيل السعر نوع وعاء كوها
        مكتبة القاهرة الكبرى مكتبة القاهرة الكبرى 03/26/2014   229.4\ع د 126820 03/26/2014 03/26/2014 كتاب

Powered By

EGPV